000 00650nam a2200181Ia 4500
003 OSt
005 20230607154723.0
008 210423s2008 xx 000 0 und d
040 _cAL
041 _aeng
082 _a363.7
_223
_bNEEE
245 _aEnvironmental impact assessment of mangalore special economic zone phase dakshina kannada dist karnataka.
260 _aNagpur
_bNational Environmental Engineering
_c2008
365 _b280
_cINR
650 _aOther Social Problems
_9121792
906 _aassessment ; dakshina ; dist ; economic ; Environmental ; impact ; kannada ; karnataka. ; mangalore ; phase ; special ; zone
942 _2ddc
_cBK
999 _c175116
_d175116